Online
Catalog

Lucidez y resiliencia / (Record no. 56131)

MARC details
000 -CABECERA
campo de control de longitud fija 01393nam a2200337 i 4500
003 - IDENTIFICADOR DEL NÚMERO DE CONTROL
campo de control DO-SdBNP
005 - FECHA Y HORA DE LA ÚLTIMA TRANSACCIÓN
campo de control 20240408143045.0
007 - CAMPO FIJO DE DESCRIPCIÓN FÍSICA--INFORMACIÓN GENERAL
campo de control de longitud fija ta
008 - DATOS DE LONGITUD FIJA--INFORMACIÓN GENERAL
campo de control de longitud fija 240318s2023 dr 001 0dspa d
020 ## - NÚMERO INTERNACIONAL ESTÁNDAR DEL LIBRO
Número Internacional Estándar del Libro 9789945648195
020 ## - NÚMERO INTERNACIONAL ESTÁNDAR DEL LIBRO
Número Internacional Estándar del Libro 9798857793299 (Amazon)
040 ## - FUENTE DE LA CATALOGACIÓN
Centro catalogador/agencia de origen DO-SdBNP
Lengua de catalogación spa
Centro/agencia transcriptor BNPHU
Normas de descripción rda
082 #4 - NÚMERO DE LA CLASIFICACIÓN DECIMAL DEWEY
Número de documento/Ítem H557
Número de edición 22
100 ## - ENTRADA PRINCIPAL--NOMBRE DE PERSONA
Nombre de persona Hernández, Lissette
9 (RLIN) 62270
Término indicativo de función/relación autora
245 10 - MENCIÓN DE TÍTULO
Título Lucidez y resiliencia /
Mención de responsabilidad, etc. Lissette Hernández ; prefacio Jorge Adiel Gómez Zuluaga
246 10 - FORMA VARIANTE DE TÍTULO
Título propio/Titulo breve Lucidez y resiliencia :
Resto del título ´´Del dolor al poder: mi testimonio de superación al vivir con enfermedades autoinmunes¨/
264 ## - PRODUCCIÓN, PUBLICACIÓN, DISTRIBUCIÓN, FABRICACIÓN Y COPYRIGHT
Producción, publicación, distribución, fabricación y copyright Santo Domingo :
Nombre del de productor, editor, distribuidor, fabricante Santuario,
Fecha de producción, publicación, distribución, fabricación o copyright 2023.
300 ## - DESCRIPCIÓN FÍSICA
Extensión 82 páginas
-- 134 páginas
Dimensiones 21cm.
-- 23 cm.
-- 28 cm.
336 ## - TIPO DE CONTENIDO
Fuente rdacontent
Término de tipo de contenido texto
Código de tipo de contenido txt
337 ## - TIPO DE MEDIO
Fuente rdamedia
Nombre/término del tipo de medio sin mediación
Código del tipo de medio n
338 ## - TIPO DE SOPORTE
Fuente rdacarrier
Nombre/término del tipo de soporte volumen
Código del tipo de soporte nc
500 ## - NOTA GENERAL
Nota general Incluye datos biografícos de la autora en las solapas.
500 ## - NOTA GENERAL
Nota general Incluye datos biografícos de la autora en las páginas 131-134 y contraportada.
500 ## - NOTA GENERAL
Nota general Escuela de autores.
500 ## - NOTA GENERAL
Nota general Colaboración de la Asociación Dominicana de Miastenia Gravis (ASODOMIG).
500 ## - NOTA GENERAL
Nota general La biblioteca posee 5 ejemplares de los cuales 2 miden 21 cm, 2 miden 23 cm y 1 mide 28 cm.
590 ## - NOTA LOCAL (RLIN)
Nota local Inventariado, 2024/ YL
700 1# - PUNTO DE ACCESO ADICIONAL--NOMBRE DE PERSONA
Nombre de persona Gómez Zuluaga, Jorge Adiel
Término indicativo de función/relación prefacio
9 (RLIN) 18786
910 ## - DATOS DE OPCIÓN DEL USUARIO (OCLC)
Datos de opción del usuario YLockward
942 ## - ELEMENTOS DE PUNTO DE ACCESO ADICIONAL (KOHA)
Fuente del sistema de clasificación o colocación Dewey Decimal Classification
Tipo de ítem Koha Libro
Holdings
Estado de retiro Estado de pérdida Fuente del sistema de clasificación o colocación Restricciones de uso No para préstamo Código de colección Localización permanente Ubicación/localización actual Ubicación en estantería Fecha de adquisición Fuente de adquisición Total de préstamos Signatura topográfica completa Código de barras Fecha visto por última vez Número de copia Precio válido a partir de Tipo de ítem Koha
    Dewey Decimal Classification Préstamo en sala   Dominicana de Servicio Biblioteca Nacional Pedro Henríquez Ureña Biblioteca Nacional Pedro Henríquez Ureña En catalogación 01.12.2023 Donado por Editora Búho   BNPHU DS H557 2024-1535 18.03.2024 e. 4 18.03.2024 Libro
    Dewey Decimal Classification Préstamo en sala   Dominicana de Servicio Biblioteca Nacional Pedro Henríquez Ureña Biblioteca Nacional Pedro Henríquez Ureña En catalogación 01.12.2023 Donado por Editora Búho   BNPHU DS H557 2024-1536 18.03.2024 e. 5 18.03.2024 Libro
    Dewey Decimal Classification Excluido de préstamo   Patrimonio Dominicano Biblioteca Nacional Pedro Henríquez Ureña Biblioteca Nacional Pedro Henríquez Ureña En catalogación 31.08.2023 Deposito Legal   BNPHU PD H557 2024-1910 08.04.2024   18.03.2024 Libro
    Dewey Decimal Classification Excluido de préstamo   Patrimonio Dominicano Biblioteca Nacional Pedro Henríquez Ureña Biblioteca Nacional Pedro Henríquez Ureña En catalogación 31.08.2023 Deposito Legal   BNPHU PD H557 2024-1911 08.04.2024 e. 2 18.03.2024 Libro
    Dewey Decimal Classification Préstamo en sala   Dominicana de Servicio Biblioteca Nacional Pedro Henríquez Ureña Biblioteca Nacional Pedro Henríquez Ureña En catalogación 31.08.2023 Deposito Legal   BNPHU DS H557 2024-1912 08.04.2024 e. 3 18.03.2024 Libro

Powered by Koha